Mark Wahlberg - Roles by Picture - Statistics

General Stats
  • This quiz has been taken 8 times
  • The average score is 12 of 49
Answer Stats
Picture Answer % Correct
John Bennett
67%
Det. Terry Hoitz
50%
Father Stuart 'Stu' Long
50%
Victor 'Sully' Sullivan
50%
Blue Falcon
33%
Bobby Mercer
33%
Chris 'Izzy' Cole
33%
David McCall
33%
Dusty Mayron
33%
Eddie Adams / Dirk Diggler
33%
HM1 Marcus Luttrell
33%
Max Payne
33%
Pete Wagner
33%
Sgt. Tommy Saunders
33%
SSG Sean Dignam
33%
Vince Papale
33%
Agt. James 'Jimmy' Silva
17%
Billy Taggart
17%
Bobby Shatford
17%
Bob Lee Swagger
17%
Cade Yeager
17%
Capt. Joseph Grusinsky
17%
Capt. Leo Davidson
17%
Charlie Croker
17%
Chris Farraday
17%
Daniel Lugo
17%
Danny Wallace
17%
Elliot Moore
17%
Evan McCauley
17%
Fletcher Chace
17%
Holbrooke Grant
17%
Huck Dembo
17%
Jack Salmon
17%
Jim Bennett
17%
Joe Bell
17%
Leo Handler
17%
Lewis Bartholomew
17%
Melvin Smiley
17%
Mickey
17%
Micky Ward
17%
Mike Williams
17%
Norman
17%
Pat O'Hara
17%
PO1 Michael 'Stig' Stigman
17%
Pvt. Tommy Lee Haywood
17%
Ryan Westerburg
17%
SFC Troy Barlow
17%
Spenser
17%
Tommy Corn
17%
No matching quizzes found
Score Distribution
Percent of People with Each Score
Percentile by Number Answered
Your Score History
You have not taken this quiz